Pervaja mirovaja v žizneopisanijach russkich vojenačal'nikov

Podrobná bibliografia
Hlavní autori: Portugal'skij, Ričard Michajlovič (Autor), Aleksejev, Petr Dmitrijevič (Autor), Runov, Valentin Aleksandrovič (Autor)
Ďalší autori: Majackij, V.P (upr)
Médium: Kniha
Jazyk:ruština
Fyzický popis:398 s. 22 cm
Vydavateľské údaje: Moskva Elakos 1994
ISBN:5851390085
Predmet:

MARC

LEADER 00000nam a2200000 a 4500
001 vtls001183089
003 SK-MaSNL
005 20260301002714.0
008 251124s1994 RU a c 0 rus
020 |a 5851390085  |c [140,00] 
035 |a SNK000126138 
040 |a SNK  |b slo  |c SNK  |e AACR2 
044 |a RU 
080 |a 940.3  |2 1981 
080 |a 882-94  |2 1981 
100 1 |a Portugal'skij, Ričard Michajlovič  |4 aut  |9 282974 
245 0 |a Pervaja mirovaja v žizneopisanijach russkich vojenačal'nikov  |c R.M. Portugal'skij, P.D. Aleksejev, V.A. Runov ; Pod obščej red. V.P. Majackogo 
260 |a Moskva  |b Elakos  |c 1994 
300 |a 398 s.  |c 22 cm 
650 0 7 |a prvá svetová vojna (1914-1918)  |2 SNK  |9 162650 
700 1 |a Aleksejev, Petr Dmitrijevič  |4 aut  |9 282975 
700 1 |a Runov, Valentin Aleksandrovič  |4 aut  |9 282976 
700 1 |a Majackij, V.P.  |4 upr  |9 282977 
919 |a 5-85139-008-5 
999 |c 537914  |d 539844 
952 |t P60, <04>, [BOOK], {604}  |a SNK  |b SNK  |y VYP  |7 0  |p 17A0002091  |o snkIC 125600  |i snkV 00345/96  |0 0  |1 0  |4 0  |d 1996-03-06  |l 0  |r 2005-01-01 00:00:00  |w 2026-02-23